Normal view
MARC view
Entry Personal Name
001 - CONTROL NUMBER
- control field: 45176
003 - CONTROL NUMBER IDENTIFIER
- control field: dpl
005 - DATE AND TIME OF LATEST TRANSACTION
- control field: 20120416141816.0
008 - FIXED-LENGTH DATA ELEMENTS
- fixed length control field: 120416|||a|||||| | ||| d
040 ## - CATALOGING SOURCE
- Original cataloging agency: dpl
- Transcribing agency: dpl
100 ## - HEADING--PERSONAL NAME
- Personal name: कमल, एम.पी.
670 ## - SOURCE DATA FOUND
- Source citation: Work cat.: (dpl): कमल, एम.पी., बालशेषण के क्रूर कारनामे /, 2005
670 ## - SOURCE DATA FOUND
- Source citation: Work cat.: (dpl): कमल, एम.पी., बालशेषण के क्रूर कारनामे /, 2005
